书目信息 |
| 题名: |
美第奇金融家族
|
|
| 作者: | 帕克斯 著 ;毕道明 译 | |
| 分册: | ||
| 出版信息: | 北京 人民邮电出版社 2025.02 |
|
| 页数: | 242页 | |
| 开本: | 21cm | |
| 丛书名: | ||
| 单 册: | ||
| 中图分类: | K835.460.9 | |
| 科图分类: | ||
| 主题词: | ||
| 电子资源: | ||
| ISBN: | 978-7-115-65865-4 | |
| 000 | 01193nam0 2200253 450 | |
| 001 | 013501527 | |
| 005 | 20251022203759.20 | |
| 010 | @a978-7-115-65865-4@dCNY59.80 | |
| 100 | @a20250318d2025 em y0chiy0120 ea | |
| 101 | 1 | @achi@ceng |
| 102 | @aCN@b110000 | |
| 105 | @aa z 000yy | |
| 106 | @ar | |
| 200 | 1 | @a美第奇金融家族@9mei di qi jin rong jia zu@e金钱、艺术与权力@dBanking metaphysics, and art in fifteenth-century florence@f(英)蒂姆·帕克斯(Tim Parks)著@g毕道明译@zeng |
| 210 | @a北京@c人民邮电出版社@d2025.02 | |
| 215 | @a242页@c图@d21cm | |
| 330 | @a本书介绍了美第奇家族五代人的历史,包括美第奇家族如何创办和经营银行业务,并以此积累了大量财富;天主教会对高利贷的禁令,如何与美第奇家族产生冲突,并推动了美第奇家族对艺术的资助和对文艺复兴的贡献;美第奇家族核心人物科西莫与洛伦佐的生平;以及这个家族从崛起到兴盛再到衰落的整个过程。 | |
| 510 | 1 | @aBanking metaphysics, and art in fifteenth-century florence@zeng |
| 600 | 0 | @a美第奇@c(Medici, Lorenzo de@f1449-1492)@x家族@j史料 |
| 690 | @aK835.460.9@v5 | |
| 701 | 0 | @c(英)@a帕克斯@9pa ke si@c(Parks, Tim)@4著 |
| 702 | 0 | @a毕道明@9bi dao ming@4译 |
| 801 | 0 | @aCN@c20250909 |
| 905 | @a河南城建学院图书馆@dK835.46@eM532@ZM532@f1 | |
| 美第奇金融家族:金钱、艺术与权力=Banking metaphysics, and art in fifteenth-century florence/(英)蒂姆·帕克斯(Tim Parks)著/毕道明译.-北京:人民邮电出版社,2025.02 |
| 242页:图;21cm |
| ISBN 978-7-115-65865-4:CNY59.80 |
| 本书介绍了美第奇家族五代人的历史,包括美第奇家族如何创办和经营银行业务,并以此积累了大量财富;天主教会对高利贷的禁令,如何与美第奇家族产生冲突,并推动了美第奇家族对艺术的资助和对文艺复兴的贡献;美第奇家族核心人物科西莫与洛伦佐的生平;以及这个家族从崛起到兴盛再到衰落的整个过程。 |
| ● |
| 相关链接 |
|
|
|
正题名:美第奇金融家族
索取号:K835.46/M532
 
预约/预借
| 序号 | 登录号 | 条形码 | 馆藏地/架位号 | 状态 | 备注 |
| 1 | 1633305 | 216333055 | 社科库309/309社科库 101排3列1层/ [索取号:K835.46/M532] | 在馆 |